Gene cloning and DNA analysis: An introduction (Record no. 1237914)

MARC details
000 -LEADER
fixed length control field 00684nam a2200241Ia 4500
005 - DATE AND TIME OF LATEST TRANSACTION
control field 20250117103626.0
008 - FIXED-LENGTH DATA ELEMENTS--GENERAL INFORMATION
fixed length control field 008 250103s9999 xx 000 0 eng d
020 ## - INTERNATIONAL STANDARD BOOK NUMBER
International Standard Book Number 9789354643644
037 ## - SOURCE OF ACQUISITION
Stock number Textual
040 ## - CATALOGING SOURCE
Original cataloging agency CSL
Language of cataloging eng
Transcribing agency CSL
041 ## - LANGUAGE CODE
Language code of text/sound track or separate title eng
Source of code eng
084 ## - COLON CLASSIFICATION NUMBER
Classification number G116:68 P1;R1-;1
Assigning agency CSL
100 ## - MAIN ENTRY--PERSONAL NAME
Personal name Brown, T A
245 #0 - TITLE STATEMENT
Title Gene cloning and DNA analysis: An introduction
Statement of responsibility, etc. Brown, T A
250 ## - EDITION STATEMENT
Edition statement 8th
260 ## - PUBLICATION, DISTRIBUTION, ETC.
Place of publication, distribution, etc. New Delhi
Name of publisher, distributor, etc. Wiley India
Date of publication, distribution, etc. 2022
300 ## - PHYSICAL DESCRIPTION
Extent xx, 450p. ill.
650 ## - SUBJECT ADDED ENTRY--TOPICAL TERM
Topical term or geographic name entry element Living cell
9 (RLIN) 734293
650 ## - SUBJECT ADDED ENTRY--TOPICAL TERM
Topical term or geographic name entry element Studying genomes
9 (RLIN) 734294
650 ## - SUBJECT ADDED ENTRY--TOPICAL TERM
Topical term or geographic name entry element Botany
942 ## - ADDED ENTRY ELEMENTS (KOHA)
Koha item type Textual
Classification part G116:68 P1;R1-;1
Holdings
Withdrawn status Lost status Damaged status Not for loan Home library Current library Date acquired Source of acquisition Inventory number Total Checkouts Full call number Barcode Date last seen Date last checked out Price effective from Koha item type
        Central Science Library Central Science Library 2025-01-17 N R Book Distributors 046, 01/02/2024 7 G116:68 P1;R1-;1 SL1655864 2025-12-26 2025-12-09 2025-01-17 Textual
Copyright @ Delhi University Library System